000 00475nam a2200145Ia 4500
008 231129s2011||||xx |||||||||||||| ||spa||
020 _a978-958-99483-5-4
040 _bspa
082 _a378.86132 E13u
100 _aEastman Barona Carlos Patricio
245 0 _aUna estrategia de gestión innovadora en educación superior
260 _c2011
264 _aFundación Universitaria del írea Andina Seccional Pereira
942 _2ddc
_cBKS
999 _c25944
_d25944